Zimbabwe's cultural heritage (Record no. 8890)
[ view plain ]
| 000 -LEADER | |
|---|---|
| fixed length control field | 00355 a2200133 4500 |
| 020 ## - INTERNATIONAL STANDARD BOOK NUMBER | |
| International Standard Book Number | 0797428976 |
| 005 - DATE AND TIME OF LATEST TRANSACTION | |
| control field | 20191017172433.0 |
| 084 ## - OTHER CLASSIFICATION NUMBER | |
| Classification number | GN657.R5 N93 2005 |
| 245 ## - TITLE STATEMENT | |
| Title | Zimbabwe's cultural heritage |
| Medium | |
| 260 ## - PUBLICATION, DISTRIBUTION, ETC. | |
| Place of publication, distribution, etc. | rh |
| Name of publisher, distributor, etc. | ʾamaBooks |
| Date of publication, distribution, etc. | c2005 |
| 300 ## - PHYSICAL DESCRIPTION | |
| Extent | 137 p. |
| Other physical details | 21 cm. |
| Dimensions | 137 p. ; 21 cm. |
| 500 ## - GENERAL NOTE | |
| General note | Pathisa Nyathi. |
| 650 ## - SUBJECT ADDED ENTRY--TOPICAL TERM | |
| Topical term or geographic name entry element | ZIMBABWE HISTORY |
| 700 ## - ADDED ENTRY--PERSONAL NAME | |
| Personal name | Nyathi, Pathisa |
No items available.